| 000 | 00746nam a2200217 a 4500 | ||
|---|---|---|---|
| 001 | 000041401 | ||
| 005 | 20201002034845.0 | ||
| 008 | 131002s2008 uy o 000 0 spa d | ||
| 020 | _a9789974550292 | ||
| 040 |
_aDO-SdBNP _bspa _cBNPHU |
||
| 082 |
_axxx _bxxx |
||
| 245 | 0 | 3 |
_aLa guerra del Paraguay en fotografías. / _cAlberto del Pino Menck, [et.al.]; prólogo, Tomás de Mattos. |
| 260 |
_aMontevideo, Uruguay, : _bBiblioteca nacional, _c2008. |
||
| 300 |
_a224 p. : _bfot. ; _c21 cm. |
||
| 504 | _aBibliografía p: 23 | ||
| 700 | 1 |
_aMattos, Tomás de _eprol. _968052 |
|
| 700 | 1 |
_aPino Menck, Alberto del _968053 |
|
| 700 | 1 |
_aFernández Labeque, Alicia _968054 |
|
| 700 | 1 |
_aGargiulo, Graciela _968055 |
|
| 700 | 1 |
_aVilla, Oscar Jorge _968056 |
|
| 999 |
_c40891 _d40891 |
||